000
00324nam a2200133Ia 4500
008
240624s9999 xx 000 0 und d
041
_a
eng
082
_a
823 SIN
100
_a
SINGH KHUSHWANT
245
_a
SIKHS
260
_c
2006
_a
New Delhi
_b
Harper Collins Publishers
300
_a
279 : p. : cm. ; 17
365
_c
RS
_b
30
999
_c
13660
_d
13660